المضخات الهيدروليكية / (Record no. 6334)
[ view plain ]
| 000 -الفاتح | |
|---|---|
| حقل البيانات ثابتة الطول | 00880nac a22001931u 4500 |
| 008 - عناصر البيانات ثابتة الطول - معلومات عامة | |
| حقل البيانات ثابتة الطول | 101125s1980 xxu||||| |||| 00| 0 ara d |
| 020 ## - الرقم الدولى المعيارى للكتب | |
| الرقم الدولى المعيارى للكتاب | 9777296738 |
| 082 ## - رقم تصنيف ديوى العشرى | |
| رقم التصنيف | 621.252 |
| رقم المادة | ع ز ي |
| 100 1# - المدخل الرئيسى - إسم شخصى | |
| الإسم الشخصى | عبد العزيز ، محمود فوزى |
| 9 (RLIN) | 21277 |
| 245 ## - بيان العنوان | |
| العنوان | المضخات الهيدروليكية / |
| بيان المسئوليه,etc | محمود فوزى عبد العزيز |
| 260 ## - PUBLICATION, DISTRIBUTION, ETC. (IMPRINT) | |
| مكان الناشر او الموزع | القاهرة : |
| اسم الناشر او الموزع | مطابع الأهرام التجارية ،1980 |
| تاريخ النشر أو التوزيع | 1980. |
| 300 ## - الوصف المادى | |
| التعداد | 266 ص : |
| تفاصيل ماديه اخرى للوعاء | ايض ؛ |
| أبعاد الوعاء | 20 سم. |
| 490 #0 - بيان السلسلة | |
| -- | 17331 |
| عنوان السلسلة | الأسس التكنولوجية |
| 500 ## - تبصرة عامة | |
| تبصرة عامة | يشتمل على فهارس |
| 511 ## - | |
| -- | Catalogued by: Sara |
| 650 ## - المدخل الاضافى بالموضوع-مصطلح موضوعى | |
| مصطلح موضوعي أو اسم جغرافي كعنصر مدخل | طلمبات الماء |
| 9 (RLIN) | 21688 |
| 942 ## - عناصر المدخل الإضافي( كوها) | |
| Koha [default] item type | Book - Borrowing |
| سابقة رقم الطلب | 621.252 ع ز ي |
| مصدر التصنيف او مخطط الترفيف | Dewey Decimal Classification |
| حالة التراجع | حالة الفقد | مصدر التصنيف او خطة الترفيف | حالة تلف | ليس للاعارة | مجموعات كوها | المكان الدائم | المكان الحالي | موقع الترفيف | تاريخ الاكتساب | Source of acquisition | رقم الاستدعاء | الباركود | Date last seen | نوع الوعاء |
|---|---|---|---|---|---|---|---|---|---|---|---|---|---|---|
| Dewey Decimal Classification | Alef-Baa | Central Library | Central Library | First floor | 02/01/2011 | 621.252 ع ز ي | 000030565 | 15/07/2025 | Book - Borrowing |